Del objeto a la interfase: mutaciones del diseño /

Contiene: Las siete columnas del diseño, diseño y gestión (management); La cadena de las innovaciones; Diseño de la interfase; El rol de la visualidad; Diseño de información en los hipermedios; Texto y tipografía semántica; Retórica visual y verbal; Industrialización sin proyecto; Crisis ambiental y...

Description complète

Enregistré dans:
Détails bibliographiques
Auteur principal: Bonsiepe, Gui (autor)
Format: Livre
Langue:espagnol
Publié: Buenos Aires, Argentina: Infinito, 1999, c1999
Collection:(Biblioteca de Diseño)
Sujets:
Tags: Ajouter un tag
Pas de tags, Soyez le premier à ajouter un tag!

MARC

LEADER 00000nam^a2200000^a^4500
001 000136385
005 20250521000000.0
009 20260310095315.834
020 |a 987-96370-6-2 
037 |a Acervo ITESO - Biblioteca 
041 |a ESP 
082 |a 745. 2  |b BON 
100 |a Bonsiepe, Gui  |e (autor) 
245 1 4 |a Del objeto a la interfase:  |b mutaciones del diseño /  |c Gui Bonsiepe 
264 4 |a Buenos Aires, Argentina:  |b Infinito,  |c 1999, c1999 
300 |a 197 p. 
336 |a texto  |b txt  |2 rdacontenido 
337 |a sin mediación  |b n  |2 rdamedio 
338 |a volumen  |b nc  |2 rdasoporte 
440 1 |a (Biblioteca de Diseño) 
500 |a Traducción de: Dall'oggetto all'interfaccia 
520 |a Contiene: Las siete columnas del diseño, diseño y gestión (management); La cadena de las innovaciones; Diseño de la interfase; El rol de la visualidad; Diseño de información en los hipermedios; Texto y tipografía semántica; Retórica visual y verbal; Industrialización sin proyecto; Crisis ambiental y conflicto norte-sur; Perspectivas del diseño en la periferia; Defensa de la diferencia; El modelo de (hfg) ulm en la periferia; Un aspecto invisible de (hfg) ulm, Maldonado; Inventor del discurso proyectual; Las formas y sus "para qué"; Memorándum para la didáctica del diseño; Microestructuras estéticas; La dimensión cognoscitiva del diseño; El punto ciego del diseño;Algunas virtudes del diseño. Incluye índice de nombres citados. 
649 |a XX 
650 |a Imagen 
650 |a Autoedición 
650 |a Hipertexto 
650 |a Manipulación de Imagen por Computadora 
650 |a Diseño Asistido por Computadora 
650 |a Diseño Gráfico -  |x Aspectos Sociales y Culturales 
650 |a Interacción Hombre-Máquina 
650 |a Diseño Industrial -  |x Aspectos Sociales y Culturales 
650 |a Estética 
650 |a Semántica 
650 |a Semiótica 
650 |a Retórica 
650 |a Comunicación Visual 
650 |a Multimedia 
650 |a Industrialización 
650 |a Subdesarrollo 
650 |a Desarrollo Tecnológico 
650 |a Identidad Cultural 
650 |a Cambios Sociales y Culturales 
650 |a Impacto Ambiental 
650 |a Ecodiseño 
650 |a Diseño y Sociedad 
910 |a Fondo General 
920 |a Impresos - Libros 
930 |a Colección General 
905 |a 101 
901 |a 0500065106  |b IT1  |c ACC  |u 20250521 
902 |a https://opac.biblio.iteso.mx/vufind/Record/000136385